[Event "Copenhagen Chess Challenge 2013"]
[Site "Ballerup"]
[Date "2013.??.??"]
[Round "1"]
[White "Henriksen, Christian Steen"]
[Black "Englert, Fabian"]
[Result "0-1"]
[WhiteElo "1814"]
[BlackElo "2214"]
[PlyCount "56"]
[EventDate "2013.??.??"]
[EventType "swiss"]
[EventRounds "9"]
[EventCountry "DEN"]

1. d4 g6 2. e4 Bg7 3. c4 d6 4. Nc3 Nf6 5. f3 O-O 6. Be3 a6 7. Qd2 Nbd7 8. Nge2
Rb8 9. Bh6 b5 10. cxb5 axb5 11. Ng3 b4 12. Nd1 c5 13. d5 Bxh6 14. Qxh6 e6 15.
h4 exd5 16. h5 Re8 17. hxg6 fxg6 18. Ne3 Nf8 19. O-O-O d4 20. Bc4+ Be6 21.
Bxe6+ Rxe6 22. Ng4 Nxg4 23. fxg4 Re5 24. Nf5 Rb7 25. Rdf1 gxf5 26. exf5 Rg7 27.
f6 Rg6 28. Qh4 Kf7 0-1

[Event "Copenhagen Chess Challenge 2013"]
[Site "Ballerup"]
[Date "2013.??.??"]
[Round "1"]
[White "Frisk, Ellinor"]
[Black "Haagen Larsen, Hans"]
[Result "1-0"]
[WhiteElo "2194"]
[BlackElo "1745"]
[PlyCount "67"]
[EventDate "2013.??.??"]
[EventType "swiss"]
[EventRounds "9"]
[EventCountry "DEN"]

1. Nf3 g6 2. c4 Bg7 3. g3 Nc6 4. Bg2 d6 5. O-O e5 6. d3 f5 7. Nc3 Nf6 8. Rb1
Ne7 9. b4 c6 10. b5 Bd7 11. a4 Nh5 12. Qb3 h6 13. Ba3 Be6 14. Nd2 O-O 15. bxc6
bxc6 16. Qb4 c5 17. Qb7 e4 18. Nb5 Rb8 19. Qc7 Be5 20. dxe4 a6 21. Qxd8 Rfxd8
22. Nc7 Rxb1 23. Rxb1 Bd7 24. exf5 gxf5 25. Nxa6 Bxa4 26. Rb7 Nc6 27. Bd5+ Kh8
28. Nf3 Bg7 29. Nh4 Nd4 30. e3 Nc2 31. Bb2 Bd7 32. Bxg7+ Nxg7 33. Rxd7 Rxd7 34.
Ng6+ 1-0

[Event "Copenhagen Chess Challenge 2013"]
[Site "Ballerup"]
[Date "2013.??.??"]
[Round "1"]
[White "Martins, David Pires Tavares"]
[Black "Jensen, Jonbert"]
[Result "1-0"]
[WhiteElo "2183"]
[BlackElo "1576"]
[PlyCount "49"]
[EventDate "2013.??.??"]
[EventType "swiss"]
[EventRounds "9"]
[EventCountry "DEN"]

1. e4 d6 2. d4 Nf6 3. Nc3 g6 4. Be3 Bg7 5. Qd2 a6 6. O-O-O b5 7. f3 Bd7 8. e5
b4 9. Nb1 Nd5 10. Bh6 O-O 11. h4 Nc6 12. h5 Be8 13. Bxg7 Kxg7 14. hxg6 fxg6 15.
Qh6+ Kf7 16. e6+ Kxe6 17. Qxf8 Bf7 18. Re1+ Kf6 19. Qh6 Bg8 20. Bc4 e6 21. Nd2
Nxd4 22. Ne4+ Kf7 23. Ng5+ Kf6 24. Nxh7+ Bxh7 25. Qh4+ 1-0

[Event "Copenhagen Chess Challenge 2013"]
[Site "Ballerup"]
[Date "2013.??.??"]
[Round "1"]
[White "Molvig, Henrik"]
[Black "Georgiev, Vladimir"]
[Result "0-1"]
[WhiteElo "2178"]
[BlackElo "2559"]
[PlyCount "76"]
[EventDate "2013.??.??"]
[EventType "swiss"]
[EventRounds "9"]
[EventCountry "DEN"]

1. d4 Nf6 2. c4 e6 3. Nf3 b6 4. g3 Bb7 5. Bg2 Bb4+ 6. Nbd2 O-O 7. O-O d5 8.
cxd5 exd5 9. a3 Bd6 10. Re1 Re8 11. Nf1 Ne4 12. Bf4 Bxf4 13. gxf4 Nd7 14. Rc1
Nf8 15. e3 a5 16. Ng3 a4 17. Bf1 Nd6 18. Qc2 Nc4 19. Ne5 b5 20. Bg2 Ra6 21. Nd3
Rh6 22. Nf5 Rb6 23. Qe2 Bc8 24. Ng3 Rh6 25. Qf3 Qh4 26. Nf1 c6 27. Ne5 Bf5 28.
Qg3 Qd8 29. Qg5 Qc8 30. Ng3 Bd7 31. Nxc4 bxc4 32. f5 Qd8 33. Qxd8 Rxd8 34. e4
Bc8 35. e5 Rh4 36. Rcd1 Rf4 37. f6 Bg4 38. fxg7 Ne6 0-1

[Event "Copenhagen Chess Challenge 2013"]
[Site "Ballerup"]
[Date "2013.??.??"]
[Round "1"]
[White "Tikkanen, Hans"]
[Black "Brondt, Nicolai Kvist"]
[Result "1-0"]
[WhiteElo "2552"]
[BlackElo "2169"]
[PlyCount "123"]
[EventDate "2013.??.??"]
[EventType "swiss"]
[EventRounds "9"]
[EventCountry "DEN"]

1. d4 d5 2. c4 c6 3. Nf3 Nf6 4. e3 Bf5 5. Nc3 e6 6. Nh4 Be4 7. f3 Bg6 8. Qb3
Qc7 9. Bd2 Nbd7 10. cxd5 Nxd5 11. e4 Nxc3 12. bxc3 Bh5 13. g4 Be7 14. Ng2 Bg6
15. Be3 e5 16. h4 f6 17. Rb1 Nb6 18. a4 Bf7 19. d5 cxd5 20. a5 Nd7 21. Qxb7 Rc8
22. exd5 O-O 23. Qxc7 Rxc7 24. c4 Bg6 25. Rb2 Nc5 26. Kd2 h5 27. gxh5 Bxh5 28.
Be2 Bd6 29. Rb5 Be8 30. Rb8 Bg6 31. Rxf8+ Kxf8 32. h5 Bh7 33. h6 g5 34. Bxc5
Rxc5 35. Bd3 f5 36. Rb1 e4 37. fxe4 fxe4 38. Rb7 Rc7 39. Rb8+ Kf7 40. Rh8 Bb4+
41. Kd1 Kf6 42. Bc2 Bxa5 43. Ne3 Bb6 44. d6 Rd7 45. Nd5+ Ke5 46. Ba4 Rxd6 47.
Rxh7 Kd4 48. Rd7 Rxh6 49. Nxb6+ Kc5 50. Nd5 Kxc4 51. Ke2 Rh3 52. Ne3+ Kb4 53.
Rd4+ Kc3 54. Rc4+ Kb2 55. Rb4+ Ka3 56. Nc2+ Ka2 57. Bb5 Rh2+ 58. Kd1 Rh1+ 59.
Kd2 Rh2+ 60. Kc3 Rh3+ 61. Kd4 Rb3 62. Bc4 1-0

[Event "Copenhagen Chess Challenge 2013"]
[Site "Ballerup"]
[Date "2013.??.??"]
[Round "1"]
[White "Petersen, Peter Birk"]
[Black "Hector, Jonny"]
[Result "0-1"]
[WhiteElo "2167"]
[BlackElo "2510"]
[PlyCount "80"]
[EventDate "2013.??.??"]
[EventType "swiss"]
[EventRounds "9"]
[EventCountry "DEN"]

1. e4 e5 2. Nf3 Nc6 3. Bb5 a6 4. Ba4 Nf6 5. O-O Be7 6. Re1 d6 7. c3 Bg4 8. d3
Nd7 9. Nbd2 Nc5 10. Bc2 Ne6 11. Nf1 Ng5 12. Bxg5 Bxg5 13. h3 Bd7 14. d4 Bh6 15.
Bb3 O-O 16. N1h2 g6 17. Ng4 Bg7 18. Qd2 Kh8 19. dxe5 Bxg4 20. hxg4 Bxe5 21. g3
Qd7 22. Qg5 Kg7 23. Rad1 Rae8 24. Bd5 h6 25. Bxc6 bxc6 26. Nxe5 Qc8 27. Qd2
Rxe5 28. f3 Qe6 29. Kg2 Qxa2 30. f4 Rb5 31. Re2 Rfb8 32. Qd4+ Kg8 33. Rdd2 Rxb2
34. c4 Rxd2 35. Rxd2 Qa3 36. f5 Rb3 37. Qf2 Qc1 38. e5 Rb1 39. Qe2 Qh1+ 40. Kf2
Qg1+ 0-1

[Event "Copenhagen Chess Challenge 2013"]
[Site "Ballerup"]
[Date "2013.??.??"]
[Round "1"]
[White "Thybo, Jesper Sondergaard"]
[Black "Haub, Thorsten Michael"]
[Result "1-0"]
[WhiteElo "2091"]
[BlackElo "2458"]
[PlyCount "133"]
[EventDate "2013.??.??"]
[EventType "swiss"]
[EventRounds "9"]
[EventCountry "DEN"]

1. e4 g6 2. d4 Bg7 3. Nc3 d6 4. Be3 a6 5. h4 h6 6. Qd2 b5 7. Nge2 Nd7 8. f3 c5
9. dxc5 dxc5 10. O-O-O Qa5 11. Kb1 Ngf6 12. Nf4 Bb7 13. Ncd5 Qxd2 14. Bxd2 Nxd5
15. Nxd5 Bxd5 16. exd5 Nb6 17. Be3 Na4 18. c3 O-O 19. Bd3 Rac8 20. Rhe1 Rfd8
21. Be4 Nb6 22. h5 g5 23. f4 gxf4 24. Bxf4 c4 25. Bf3 b4 26. Rxe7 bxc3 27. d6
cxb2 28. d7 Nxd7 29. Rexd7 Rxd7 30. Rxd7 c3 31. Bc7 Bf6 32. Bd5 Kh8 33. Bxf7 a5
34. a4 Rf8 35. Kc2 Ra8 36. Bg6 Kg8 37. Bf4 Bg7 38. g4 Rf8 39. Bg3 Rf1 40. Rd1
Rf8 41. Bh4 Bf6 42. Bxf6 Rxf6 43. Kxc3 Rb6 44. Rb1 Rb4 45. Bf5 Rxa4 46. Rxb2
Kg7 47. Kb3 Rf4 48. Ra2 Rb4+ 49. Kc3 Rb5 50. Ra4 Kf6 51. Kc4 Re5 52. Ra2 Kg5
53. Rd2 Re8 54. Rd5 Ra8 55. Kb3 a4+ 56. Ka3 Ra7 57. Rd4 Ra8 58. Rxa4 Rb8 59.
Rb4 Rd8 60. Kb3 Rh8 61. Kc4 Kf6 62. Kd5 Rd8+ 63. Ke4 Kg5 64. Rb6 Rh8 65. Rg6+
Kh4 66. Ke5 Rh7 67. Kf6 1-0

[Event "Copenhagen Chess Challenge 2013"]
[Site "Ballerup"]
[Date "2013.??.??"]
[Round "1"]
[White "Andersen, Rune Egede"]
[Black "Carstensen, Jacob"]
[Result "1/2-1/2"]
[WhiteElo "2069"]
[BlackElo "2401"]
[PlyCount "121"]
[EventDate "2013.??.??"]
[EventType "swiss"]
[EventRounds "9"]
[EventCountry "DEN"]

1. e4 c5 2. c3 Nf6 3. e5 Nd5 4. d4 cxd4 5. Nf3 d6 6. Bc4 e6 7. cxd4 Nc6 8. O-O
Be7 9. Qe2 O-O 10. Re1 Na5 11. Bb5 a6 12. Ba4 b5 13. Bc2 Nb4 14. Be4 d5 15. Bd3
Bd7 16. Nbd2 Qc7 17. Nb3 Nxd3 18. Qxd3 Nc4 19. Bg5 Bb4 20. Re2 Rfc8 21. Rc1 Bf8
22. h3 b4 23. Qb1 Bb5 24. Ree1 a5 25. Nc5 h6 26. Bf4 Bxc5 27. dxc5 Qe7 28. Qc2
Bd7 29. b3 Na3 30. Qd2 Rxc5 31. Rxc5 Qxc5 32. Bxh6 gxh6 33. Qxh6 Qc2 34. Re3
Qg6 35. Qf4 Qf5 36. Qh6 Nc2 37. Nh4 Nxe3 38. Nxf5 Nxf5 39. Qg5+ Kh7 40. g4 Nh6
41. Qe7 Be8 42. Qb7 Rd8 43. Qc7 Ra8 44. Qb7 Rd8 45. Qe7 Rc8 46. Kh2 d4 47. Qd6
Rc2 48. Qxd4 Rxa2 49. Kg3 Ra3 50. Qc4 a4 51. Kh4 Rxb3 52. Qc8 a3 53. Qc2+ Nf5+
54. gxf5 Rc3 55. Qe2 exf5 56. Qh5+ Kg7 57. Qg5+ Kf8 58. Qh6+ Kg8 59. Qg5+ Kf8
60. Qh6+ Kg8 61. Qg5+ 1/2-1/2

[Event "Copenhagen Chess Challenge 2013"]
[Site "Ballerup"]
[Date "2013.??.??"]
[Round "1"]
[White "Arvola, Benjamin"]
[Black "Slettebo, Jan"]
[Result "0-1"]
[WhiteElo "2358"]
[BlackElo "2054"]
[PlyCount "130"]
[EventDate "2013.??.??"]
[EventType "swiss"]
[EventRounds "9"]
[EventCountry "DEN"]

1. e4 e5 2. Nf3 Nc6 3. Bb5 Nge7 4. O-O g6 5. c3 Bg7 6. d4 exd4 7. cxd4 a6 8.
Ba4 b5 9. Bb3 O-O 10. Nc3 d6 11. a4 Bg4 12. Be3 Na5 13. Bg5 c6 14. axb5 axb5
15. Bc2 h6 16. Bh4 g5 17. Bg3 Qd7 18. h3 Bxf3 19. Qxf3 Nc4 20. e5 dxe5 21. dxe5
Nd2 22. Qe2 Nxf1 23. Rxf1 Rfd8 24. Ne4 Nd5 25. h4 Qe7 26. hxg5 hxg5 27. Qg4
Bxe5 28. Nxg5 Bg7 29. Nf3 Nf6 30. Qg5 Rd5 31. Be5 Rxe5 32. Qxe5 Qxe5 33. Nxe5
Nd5 34. Nxc6 Rc8 35. Be4 Rxc6 36. Bxd5 Rc2 37. b3 Bd4 38. g4 Kg7 39. Kg2 Rd2
40. Bf3 Rb2 41. Bd5 Rd2 42. Bf3 Rb2 43. Bd1 b4 44. Kf3 Rb1 45. g5 Rb2 46. Kg3
Rd2 47. f4 Rb2 48. Kf3 Bc3 49. Ke3 Bd2+ 50. Kd3 Bc3 51. f5 Rg2 52. f6+ Kg6 53.
Bf3 Rxg5 54. Be4+ Kh5 55. Bf5 Rg3+ 56. Kc4 Kg5 57. Be4 Re3 58. Bb1 Re1 59. Rf5+
Kg4 60. Bd3 Re3 61. Rf1 Kg5 62. Bh7 Re6 63. Bg8 Rxf6 64. Rxf6 Kxf6 65. Kd3 Kg7
0-1

[Event "Copenhagen Chess Challenge 2013"]
[Site "Ballerup"]
[Date "2013.??.??"]
[Round "1"]
[White "Hansen, Mads"]
[Black "Andersen, Kim Nyvang"]
[Result "1-0"]
[WhiteElo "2301"]
[BlackElo "2003"]
[PlyCount "83"]
[EventDate "2013.??.??"]
[EventType "swiss"]
[EventRounds "9"]
[EventCountry "DEN"]

1. e4 c5 2. Nf3 Nc6 3. d4 cxd4 4. Nxd4 Nf6 5. Nc3 e5 6. Ndb5 d6 7. Bg5 a6 8.
Na3 b5 9. Bxf6 gxf6 10. Nd5 f5 11. c3 Bg7 12. Bd3 Be6 13. Qh5 O-O 14. O-O fxe4
15. Bxe4 f5 16. Nf4 exf4 17. Bxc6 Ra7 18. Rfe1 Bf7 19. Qf3 b4 20. cxb4 Bxb2 21.
Rab1 Re7 22. Nc2 Be5 23. a4 Kh8 24. Re2 Bc4 25. Rd2 Rg7 26. Ne1 Qg5 27. Bd5
Bxd5 28. Rxd5 Rfg8 29. Ra5 Rc7 30. Rxa6 Rc3 31. Qd5 f3 32. Ra8 Rxa8 33. Qxa8+
Kg7 34. Rd1 Qh5 35. Qb7+ Kf6 36. Nxf3 Bxh2+ 37. Kf1 Bf4 38. Qb8 Qh1+ 39. Ng1
Kg7 40. Re1 Bh2 41. Re7+ Kh6 42. Qf8+ 1-0

[Event "Copenhagen Chess Challenge 2013"]
[Site "Ballerup"]
[Date "2013.??.??"]
[Round "1"]
[White "Frank Nielsen, Marie"]
[Black "Tari, Aryan"]
[Result "0-1"]
[WhiteElo "1984"]
[BlackElo "2293"]
[PlyCount "70"]
[EventDate "2013.??.??"]
[EventType "swiss"]
[EventRounds "9"]
[EventCountry "DEN"]

1. e4 c6 2. d4 d5 3. exd5 cxd5 4. c4 Nf6 5. Nf3 g6 6. Be2 Bg7 7. O-O O-O 8. Nc3
dxc4 9. Bxc4 Bg4 10. Be2 Nc6 11. Be3 Nd5 12. h3 Bxf3 13. Bxf3 Nb6 14. Qe2 Qd7
15. Rfd1 Nxd4 16. Bxd4 Bxd4 17. Nb5 e5 18. Rac1 Rfc8 19. Rxc8+ Rxc8 20. Nxa7
Rc5 21. b4 Rc4 22. Qe4 f5 23. Qxb7 Qxb7 24. Bxb7 Rc7 25. Nb5 Rxb7 26. Nxd4 Rd7
27. a4 exd4 28. a5 Nc4 29. a6 Kf7 30. b5 Ke6 31. Kf1 Kd5 32. Rc1 d3 33. Ra1 d2
34. Ke2 Re7+ 35. Kd3 Re1 0-1

[Event "Copenhagen Chess Challenge 2013"]
[Site "Ballerup"]
[Date "2013.??.??"]
[Round "1"]
[White "Villegas, Pierre"]
[Black "Tandrup, Michael"]
[Result "1-0"]
[WhiteElo "2281"]
[BlackElo "1977"]
[PlyCount "85"]
[EventDate "2013.??.??"]
[EventType "swiss"]
[EventRounds "9"]
[EventCountry "DEN"]

1. d4 Nf6 2. c4 e6 3. Nc3 Bb4 4. Qc2 c5 5. dxc5 Na6 6. a3 Bxc3+ 7. Qxc3 Nxc5 8.
b4 Nce4 9. Qb2 Nd6 10. c5 Nc4 11. Qb3 d5 12. e3 b5 13. cxb6 Qxb6 14. Nf3 O-O
15. a4 Rb8 16. Rb1 Bd7 17. Be2 Rfc8 18. O-O Ne4 19. Bd1 Qd8 20. Qd3 a6 21. Nd2
Ne5 22. Qa3 Nxd2 23. Bxd2 Nc4 24. Qd3 Nxd2 25. Qxd2 Qe8 26. Be2 Bxa4 27. Bxa6
Bb5 28. Bxc8 Bxf1 29. Kxf1 Qxc8 30. Qd3 Qb7 31. b5 Qb6 32. h4 h6 33. Rc1 Qa5
34. h5 Kf8 35. Rb1 Rb6 36. Kg1 Qa4 37. Qh7 Rxb5 38. Rc1 d4 39. Qh8+ Ke7 40.
Qxg7 dxe3 41. fxe3 Rg5 42. Qb2 Qe4 43. Rc7+ 1-0

[Event "Copenhagen Chess Challenge 2013"]
[Site "Ballerup"]
[Date "2013.??.??"]
[Round "1"]
[White "Gandrud, Vegar Koi"]
[Black "Orio, Lars"]
[Result "1/2-1/2"]
[WhiteElo "2251"]
[BlackElo "1936"]
[PlyCount "60"]
[EventDate "2013.??.??"]
[EventType "swiss"]
[EventRounds "9"]
[EventCountry "DEN"]

1. d4 Nf6 2. c4 g6 3. Nc3 d5 4. h4 Bg7 5. h5 dxc4 6. hxg6 hxg6 7. Rxh8+ Bxh8 8.
e4 Nc6 9. d5 Ne5 10. Bf4 Qd6 11. Qd2 Nfd7 12. O-O-O Qb4 13. Kb1 Nc5 14. Qd4 f6
15. Bxe5 fxe5 16. Qxc4 a5 17. Rc1 Bd7 18. Nb5 Qxc4 19. Nxc7+ Kd8 20. Rxc4 Kxc7
21. Rxc5+ Kd6 22. Rc3 Rf8 23. Rf3 Bf6 24. g3 Rh8 25. g4 Rh1 26. Rg3 Bh4 27. Rg2
Bxf2 28. Rxf2 Rxg1 29. Kc2 Bxg4 30. a3 Rh1 1/2-1/2

[Event "Copenhagen Chess Challenge 2013"]
[Site "Ballerup"]
[Date "2013.??.??"]
[Round "1"]
[White "Nilsen, Joachim Birger"]
[Black "Petrovski, Petruli"]
[Result "1-0"]
[WhiteElo "2229"]
[BlackElo "1858"]
[PlyCount "65"]
[EventDate "2013.??.??"]
[EventType "swiss"]
[EventRounds "9"]
[EventCountry "DEN"]

1. d4 Nf6 2. c4 c5 3. d5 d6 4. Nc3 g6 5. e4 Bg7 6. Bd3 O-O 7. Nf3 Bg4 8. h3
Bxf3 9. Qxf3 Nbd7 10. Qd1 a6 11. O-O Re8 12. Re1 Qc7 13. a4 e6 14. Be3 exd5 15.
cxd5 c4 16. Bc2 Nc5 17. Bd4 Rab8 18. a5 b5 19. axb6 Rxb6 20. Na4 Rb4 21. Nxc5
dxc5 22. Bc3 Rb6 23. e5 Nh5 24. d6 Qb8 25. d7 Rf8 26. Ba5 Rxb2 27. Rb1 Rxb1 28.
Qxb1 Qa8 29. Qb6 Nf4 30. Be4 Nd5 31. Bxd5 Qxd5 32. d8=Q Rxd8 33. Qxd8+ 1-0

[Event "Copenhagen Chess Challenge 2013"]
[Site "Ballerup"]
[Date "2013.??.??"]
[Round "1"]
[White "Andersen, Troels Baekgaard"]
[Black "Lokander, Martin"]
[Result "1-0"]
[WhiteElo "1837"]
[BlackElo "2225"]
[PlyCount "139"]
[EventDate "2013.??.??"]
[EventType "swiss"]
[EventRounds "9"]
[EventCountry "DEN"]

1. d4 Nf6 2. Nf3 g6 3. g3 Bg7 4. Bg2 O-O 5. O-O d6 6. Nc3 d5 7. Bg5 Ne4 8. Nxe4
dxe4 9. Nd2 h6 10. Be3 f5 11. c3 Be6 12. Nb3 Nd7 13. d5 Bf7 14. c4 Ne5 15. Rc1
c6 16. dxc6 Nxc6 17. g4 Bxb2 18. Bxh6 Bxc1 19. Qxc1 e6 20. gxf5 Qf6 21. fxg6
Bxg6 22. Bxf8 Rxf8 23. Nc5 Rf7 24. Qe3 Nd4 25. Nxe4 Qe5 26. Ng3 Qc5 27. Rd1 Rd7
28. Kh1 Qxc4 29. Qg5 Kf7 30. e3 Qc2 31. Qf4+ Ke7 32. Rxd4 Qc1+ 33. Bf1 Rxd4 34.
Qxd4 Be8 35. h3 Qe1 36. Kg1 b6 37. a3 Qc1 38. Qb4+ Kf7 39. h4 Qd1 40. Qd4 Qc1
41. a4 Bc6 42. a5 Qb1 43. a6 Bb5 44. Kg2 Bc6+ 45. Kh2 Qc2 46. Qf4+ Kg6 47. h5+
Kh7 48. Bg2 Bxg2 49. Kxg2 Qa2 50. Qf7+ Kh8 51. h6 Qd5+ 52. Kh2 Qe5 53. Qxa7 Qa1
54. Qxb6 Qf6 55. Qd4 e5 56. Qd3 Qxf2+ 57. Kh3 Qf6 58. a7 Qe6+ 59. Nf5 Qe8 60.
Ng7 Qa8 61. Qd7 Qf3+ 62. Kh4 Qf2+ 63. Kg4 Qg2+ 64. Kf5 Qh3+ 65. Kg6 Qg2+ 66.
Kf7 Qa2+ 67. Ne6 Qf2+ 68. Nf4 Qa2+ 69. Ne6 Qf2+ 70. Ke8 1-0

[Event "Copenhagen Chess Challenge 2013"]
[Site "Ballerup"]
[Date "2013.??.??"]
[Round "1"]
[White "Marthedal, Anton Mehmet Yildiz"]
[Black "Haubro, Martin"]
[Result "0-1"]
[WhiteElo "1574"]
[BlackElo "2179"]
[PlyCount "82"]
[EventDate "2013.??.??"]
[EventType "swiss"]
[EventRounds "9"]
[EventCountry "DEN"]

1. c4 e5 2. Nc3 d6 3. g3 c6 4. Bg2 Be7 5. e3 Be6 6. b3 f5 7. Nge2 Nf6 8. d4 Qc7
9. O-O O-O 10. Bb2 Nbd7 11. Qc2 Rac8 12. Rad1 e4 13. Bh3 g6 14. Nf4 Bf7 15. a3
d5 16. c5 g5 17. Nfe2 Bg6 18. Bc1 Kg7 19. Bg2 Rh8 20. Qd2 h5 21. f4 exf3 22.
Rxf3 h4 23. gxh4 Rxh4 24. Ng3 Rch8 25. h3 g4 26. Nxf5+ Bxf5 27. Rxf5 gxh3 28.
Rg5+ Kf8 29. Bf3 Ke8 30. Qh2 Qxh2+ 31. Kxh2 Ne4 32. Nxe4 dxe4 33. Rf5 exf3 34.
Rxf3 Bd8 35. Rg1 Bc7+ 36. Kh1 Rf8 37. Rxf8+ Kxf8 38. e4 Rxe4 39. Bh6+ Kf7 40.
Rg7+ Kf6 41. Rg1 h2 0-1

[Event "Copenhagen Chess Challenge 2013"]
[Site "Ballerup"]
[Date "2013.??.??"]
[Round "2"]
[White "Georgiev, Vladimir"]
[Black "Hansen, Mads"]
[Result "1/2-1/2"]
[WhiteElo "2559"]
[BlackElo "2301"]
[PlyCount "93"]
[EventDate "2013.??.??"]
[EventType "swiss"]
[EventRounds "9"]
[EventCountry "DEN"]

1. d4 d5 2. c4 c6 3. Nc3 Nf6 4. e3 e6 5. Nf3 Nbd7 6. Bd3 dxc4 7. Bxc4 b5 8. Bd3
Bb7 9. O-O a6 10. a4 b4 11. Nb1 c5 12. Nbd2 Be7 13. a5 O-O 14. Qe2 Qc7 15. Nc4
Rfd8 16. Bd2 cxd4 17. Rfc1 dxe3 18. Bxe3 Qb8 19. Nb6 Nxb6 20. Bxb6 Rc8 21. Rc4
Bd5 22. Rxc8+ Qxc8 23. Ne5 Qb7 24. f4 Ne4 25. Rc1 Bd8 26. Bxd8 Rxd8 27. h3 f6
28. Nc4 Nc5 29. Nb6 Nb3 30. Rd1 Nxa5 31. Nxd5 exd5 32. Qe6+ Kh8 33. Bxa6 Qc6
34. f5 Qc5+ 35. Kh1 Nc6 36. Bb7 Nd4 37. Qe3 Qc7 38. Rxd4 Qxb7 39. Qf4 Qe7 40.
Rxb4 Qe5 41. Rd4 Kg8 42. Qf2 Rc8 43. Rd1 Rb8 44. Rd2 Rc8 45. Rd1 Rb8 46. Rd2
Rc8 47. Rd1 1/2-1/2

[Event "Copenhagen Chess Challenge 2013"]
[Site "Ballerup"]
[Date "2013.??.??"]
[Round "2"]
[White "Hector, Jonny"]
[Black "Bekker Jensen, David"]
[Result "1-0"]
[WhiteElo "2510"]
[BlackElo "2292"]
[PlyCount "103"]
[EventDate "2013.??.??"]
[EventType "swiss"]
[EventRounds "9"]
[EventCountry "DEN"]

1. e4 c5 2. Nf3 d6 3. d4 cxd4 4. Nxd4 Nf6 5. Nc3 a6 6. Qe2 Qb6 7. Nb3 e6 8. g4
d5 9. Be3 Qc7 10. exd5 Bb4 11. Bg2 Bxc3+ 12. bxc3 O-O 13. O-O-O exd5 14. Bxd5
Bxg4 15. Bf3 Be6 16. Rhg1 Re8 17. Qd2 Nbd7 18. Bd4 Bf5 19. Rg5 Bg6 20. h4 h6
21. Ra5 b6 22. Ra4 Rad8 23. Rxa6 Nc5 24. Rxb6 Nce4 25. Bxe4 Nxe4 26. Qe3 Nd6
27. Qg3 Re2 28. Nd2 Qa7 29. Rb2 Qa3 30. c4 Nxc4 31. Qxa3 Nxa3 32. c3 Re6 33.
Rg1 Rc6 34. Kd1 h5 35. Rg3 Kh7 36. Rg5 Nc2 37. Rxg6 Nxd4 38. Rxc6 Nxc6 39. Rb5
Ra8 40. Rxh5+ Kg6 41. Rb5 f6 42. f4 Rxa2 43. Rc5 Ne7 44. Ke2 Kf7 45. Rc7 Ke6
46. Kd3 g6 47. Nf3 Kd6 48. Rc4 Nd5 49. Nd2 f5 50. Rd4 Ra1 51. c4 Ra3+ 52. Ke2
1-0

[Event "Copenhagen Chess Challenge 2013"]
[Site "Ballerup"]
[Date "2013.??.??"]
[Round "2"]
[White "Andersen, Mads"]
[Black "Villegas, Pierre"]
[Result "1-0"]
[WhiteElo "2484"]
[BlackElo "2281"]
[PlyCount "115"]
[EventDate "2013.??.??"]
[EventType "swiss"]
[EventRounds "9"]
[EventCountry "DEN"]

1. d4 d5 2. c4 e6 3. Nf3 Nf6 4. g3 Be7 5. Bg2 O-O 6. O-O dxc4 7. Ne5 Nc6 8.
Bxc6 bxc6 9. Nxc6 Qe8 10. Nxe7+ Qxe7 11. Qc2 c5 12. Qxc4 cxd4 13. Qxd4 e5 14.
Qh4 Rb8 15. a3 Ba6 16. Nc3 Qe6 17. Re1 Rfc8 18. e4 h6 19. h3 Rc4 20. g4 Bb7 21.
f3 Qb6+ 22. Qf2 Ba6 23. Qxb6 Rxb6 24. Rd1 Rc8 25. Kf2 Kf8 26. h4 Rb7 27. Kg3
Nd7 28. Rd6 Bc4 29. Be3 Be6 30. Rd2 a5 31. Rf1 Rcb8 32. Rff2 Rb3 33. Kg2 Ke8
34. Kf1 R8b7 35. Rh2 Nb8 36. h5 Nc6 37. g5 hxg5 38. Bxg5 Nd4 39. h6 gxh6 40.
Bf6 Bc4+ 41. Kf2 Rxb2 42. Kg3 Rxd2 43. Rxd2 Rb3 44. Bxe5 Rxc3 45. Rxd4 Bb5 46.
Rd5 Rb3 47. Bf6 Bd7 48. Rxa5 Bc6 49. Ra7 Rb7 50. Ra8+ Kd7 51. a4 Rb3 52. Ra7+
Rb7 53. Ra6 Rb8 54. Ra7+ Rb7 55. Ra5 Rb4 56. Re5 Kd6 57. Kf4 Bxa4 58. Be7+ 1-0

[Event "Copenhagen Chess Challenge 2013"]
[Site "Ballerup"]
[Date "2013.??.??"]
[Round "2"]
[White "Lindgren, Philip"]
[Black "Brynell, Stellan"]
[Result "0-1"]
[WhiteElo "2260"]
[BlackElo "2478"]
[PlyCount "84"]
[EventDate "2013.??.??"]
[EventType "swiss"]
[EventRounds "9"]
[EventCountry "DEN"]

1. d4 e6 2. c4 Nf6 3. Nf3 c5 4. d5 exd5 5. cxd5 d6 6. Nc3 g6 7. g3 Bg7 8. Bg2
O-O 9. O-O Re8 10. Nd2 a6 11. a4 Nbd7 12. h3 Rb8 13. Nc4 Ne5 14. Na3 Nh5 15. e4
f5 16. Kh2 Nf6 17. f4 Nf7 18. exf5 Bxf5 19. Nc4 b6 20. g4 Bd7 21. g5 Nh5 22.
Bd2 b5 23. axb5 axb5 24. Ne3 Nxg5 25. fxg5 Be5+ 26. Kg1 Bd4 27. Qf3 Qxg5 28.
Ne4 Qe7 29. Ra7 c4 30. Rxd7 Qxd7 31. Bc3 Qa7 32. Bxd4 Qxd4 33. Rd1 Qxe4 34.
Qxe4 Rxe4 35. Bxe4 Re8 36. Rd4 Ng3 37. Bf3 Rxe3 38. Kf2 Nf5 39. Bg4 Rb3 40.
Bxf5 gxf5 41. Rf4 Rxh3 42. Rxf5 Kg7 0-1

[Event "Copenhagen Chess Challenge 2013"]
[Site "Ballerup"]
[Date "2013.??.??"]
[Round "2"]
[White "Smith, Axel"]
[Black "Nilsen, Joachim Birger"]
[Result "1/2-1/2"]
[WhiteElo "2467"]
[BlackElo "2229"]
[PlyCount "98"]
[EventDate "2013.??.??"]
[EventType "swiss"]
[EventRounds "9"]
[EventCountry "DEN"]

1. Nf3 Nf6 2. c4 e6 3. g3 b6 4. Bg2 Bb7 5. d4 Be7 6. O-O O-O 7. d5 exd5 8. Nh4
c6 9. cxd5 Nxd5 10. Nf5 Nf6 11. e4 d5 12. Nc3 dxe4 13. Nxe4 Nxe4 14. Bxe4 g6
15. Nxe7+ Qxe7 16. Re1 Qf6 17. Rb1 Na6 18. b4 Nc7 19. Bb2 Qd8 20. Qf3 Qd6 21.
Rbd1 Nd5 22. Bxd5 cxd5 23. Be5 Qd8 24. Qf4 f6 25. Bd4 Qb8 26. Qg4 Bc8 27. Qh4
Qd6 28. Re3 Bd7 29. Rde1 Rf7 30. a3 Rc8 31. Rf3 Rc4 32. Rxf6 Rxf6 33. Qxf6 Qxf6
34. Bxf6 Bg4 35. Kg2 Re4 36. Rxe4 dxe4 37. Be5 Be2 38. a4 a6 39. Bd4 b5 40. a5
Kf7 41. h3 h5 42. h4 Ke6 43. Bc5 Kd5 44. Kg1 Kc4 45. Kg2 Kd3 46. Kg1 Kd2 47.
Kg2 Bf3+ 48. Kg1 Ke2 49. Be3 Ke1 1/2-1/2

[Event "Copenhagen Chess Challenge 2013"]
[Site "Ballerup"]
[Date "2013.??.??"]
[Round "2"]
[White "Bekker Jensen, Simon"]
[Black "Schou Moldt, Thomas"]
[Result "1-0"]
[WhiteElo "2412"]
[BlackElo "2220"]
[PlyCount "91"]
[EventDate "2013.??.??"]
[EventType "swiss"]
[EventRounds "9"]
[EventCountry "DEN"]

1. d4 Nf6 2. c4 g6 3. Nc3 Bg7 4. e4 d6 5. f3 O-O 6. Be3 c5 7. Nge2 Nc6 8. d5
Na5 9. Ng3 a6 10. Be2 e6 11. O-O exd5 12. cxd5 b5 13. Rc1 Re8 14. Qd2 Bd7 15.
b3 h5 16. Bg5 Nb7 17. Qf4 b4 18. Nd1 Nxd5 19. exd5 f6 20. Bh4 g5 21. Qd2 gxh4
22. Nxh5 Qe7 23. Bd3 Qe5 24. Nxg7 Kxg7 25. Rc4 Qg5 26. Qf2 h3 27. g3 Nd8 28.
Rh4 Nf7 29. Be4 Kf8 30. f4 Qxh4 31. gxh4 Rxe4 32. Re1 Rxe1+ 33. Qxe1 Nh6 34.
Ne3 Kf7 35. Qe2 Rg8+ 36. Kf2 Ng4+ 37. Nxg4 Rxg4 38. Qxa6 Rg2+ 39. Ke3 Ke7 40.
h5 Rg7 41. Qd3 f5 42. Qf1 Rh7 43. Qxh3 Kf8 44. Qh4 Be8 45. Qf6+ Kg8 46. h6 1-0

[Event "Copenhagen Chess Challenge 2013"]
[Site "Ballerup"]
[Date "2013.??.??"]
[Round "2"]
[White "Englert, Fabian"]
[Black "Bejtovic, Jasmin"]
[Result "1-0"]
[WhiteElo "2214"]
[BlackElo "2406"]
[PlyCount "91"]
[EventDate "2013.??.??"]
[EventType "swiss"]
[EventRounds "9"]
[EventCountry "DEN"]

1. e4 c5 2. Nf3 Nc6 3. Nc3 e6 4. d4 cxd4 5. Nxd4 Qc7 6. g3 a6 7. Bg2 d6 8. O-O
Bd7 9. Re1 Be7 10. Nxc6 Bxc6 11. a4 Nf6 12. a5 O-O 13. Be3 Nd7 14. Na4 Ne5 15.
Nb6 Rad8 16. f4 Nd7 17. Qe2 Rfe8 18. c4 Nf6 19. Qc2 Ng4 20. Bd4 e5 21. h3 Nf6
22. Be3 exf4 23. gxf4 Bf8 24. Bd4 Nh5 25. Qf2 g6 26. f5 Bh6 27. Bf3 Re5 28.
Bxe5 dxe5 29. Bxh5 gxh5 30. Rad1 Re8 31. Qc5 Bf8 32. Qe3 Kh8 33. Kh2 f6 34. Rg1
Qf7 35. Rg2 Bb4 36. Nd5 Bxa5 37. Qc5 Bd8 38. Rdg1 Qf8 39. Qe3 Be7 40. Nxe7 Rxe7
41. Qh6 Rf7 42. Qxh5 Rd7 43. Qh6 Rf7 44. Qe3 Rd7 45. Qg3 Rd8 46. Qh4 1-0